Fictional Characters from Every U.S. State - Statistics

General Stats
  • This quiz has been taken 24 times
  • The average score is 18 of 50
Answer Stats
State Hint Answer % Correct
Kansas Follows the Yellow Brick Road to the Emerald City Dorothy Gale
96%
Hawaii Stitch's guardian and best friend Lilo Pelekai
96%
New York Friendly neighbourhood wall-crawler Spider-Man
87%
Wisconsin Life in plastic, it's fantastic Barbie
74%
Iowa Bow-and-arrow wielding Avenger Clint Barton
74%
Tennessee Pop singer alter-ego of Miley Stewart Hannah Montana
70%
Louisiana New Orleans wannabe restauranteur who kisses a frog Tiana Rogers
70%
Arizona Falls in love with, and later becomes, a vampire Bella Swan
65%
Missouri Companion of Tom Sawyer Huckleberry Finn
65%
Texas Scientist squirrel who wears a suit to live underwater Sandy Cheeks
65%
Washington Started a webshow (named after her) with her two friends Carly Shay
61%
Rhode Island Dim-witted Quahog resident Peter Griffin
61%
New Jersey Misanthropic, cynical, Vicodin-dependent doctor Gregory House
57%
New Mexico Drug dealer who partners with his former chemistry teacher Jesse Pinkman
57%
Nebraska Aspiring actress and Sheldon and Leonard's neighbour Penny Hofstadter
57%
North Dakota Wealthy party host obsessed with winning back his lost love Jay Gatsby
52%
West Virginia Hannibal Lecter's interviewer Clarice Starling
43%
Florida Childlike inventor who went on a Big Adventure Pee-wee Herman
43%
Mississippi X-Woman who absorbs life force through touch Rogue
43%
New Hampshire "Here's Johnny!" Jack Torrance
39%
Colorado Doctor, Medicine Woman Michaela Quinn
39%
Alabama Tom Robinson's lawyer Atticus Finch
35%
Indiana Enthusiastic Pawnee council employee Leslie Knope
35%
North Carolina Uncle of the Fresh Prince of Bel-Air Philip Banks
35%
Illinois Mean girl and leader of the Plastics Regina George
35%
Oregon The Mystery Shack's handyman Soos Ramirez
35%
Delaware The first and only known Gem-human hybrid Steven Universe
35%
Ohio Ghostbuster responsible for the team's paranormal study Egon Spengler
26%
Idaho Socially awkward nerd and tetherball enthusiast Napoleon Dynamite
26%
Georgia Awakens from a coma to find the world overrun by "walkers" Rick Grimes
26%
Virginia Naval office turned private investigator and beach bum Thomas Magnum
26%
Maryland Depressed teen with a broken arm who fakes a friendship Evan Hansen
22%
Arkansas Stan, Kyle, Cartman and Kenny's teacher Herbert Garrison
22%
Connecticut Human trained to be a witch by Eda the Owl Lady Luz Noceda
22%
Minnesota Environmental lawyer, judge, winner of the Slap Bet Marshall Eriksen
22%
Maine Leader of the Losers Club who battle Pennywise Bill Denbrough
17%
Montana Matriarch of the Hill family Peggy Hill
17%
California The most popular girl at Buffy's high school Cordelia Chase
13%
South Carolina Corrupt politician who rises from House leader to President Frank Underwood
13%
Alaska First Officer of the USS Enterprise William Riker
13%
Michigan Child prodigy and assistant to Dr. Brennan Zack Addy
13%
Kentucky Substance-addicted chess prodigy Beth Harmon
9%
Massachusetts Aging Boston lawyer who enjoys saying his own name Denny Crane
9%
Vermont Orphan whose unfailing optimism stems from "the Glad Game" Pollyanna Whittier
9%
Utah Formed the Salt Lake Crew to hunt down her father's killer Abby Anderson
4%
Pennsylvania Queen bee of Rosewood High who mysteriously vanishes Alison DiLaurentis
4%
South Dakota Expert on the supernatural and Winchester family friend Bobby Singer
4%
Wyoming Falls in love with Jack Twist on Brokeback Mountain Ennis Del Mar
4%
Nevada Connie Corleone's abusive husband Carlo Rizzi
0%
Oklahoma Farm girl pursued by Curly and Jud Laurey Williams
0%
No matching quizzes found
Score Distribution
Percent of People with Each Score
Percentile by Number Answered
Your Score History
You have not taken this quiz